000 00367nam a2200157Ia 4500
003 Ost
005 20260225132600.0
008 260225s9999||||xx |||||||||||||| ||und||
040 _cfsic
041 _afre
082 _a70.4
100 _aPHILIPPE C ABIN
_eAuteur
245 0 _aLA Communication :
245 0 _bEtat des savoirs /
_cPHILIPPE C ABIN
942 _cكتاب
999 _c34724
_d34724